Lager'nyj NEP i rynočnyje programmy.

Ako sa v ZSSR bývalí čierni obchodníci, podvodníci a stranícka mafia stávajú nositeľmi súkromnovlastníckych vzťahov, majiteľmi nových podnikov, ako je ľud vytláčaný z verejnej správy, z vlády a ako je marxistická ideológia nahradzovaná náboženskou ideológiou, antikomunizmom, šovinizmom a pod. Rozbit...

Descrizione completa

Salvato in:
Dettagli Bibliografici
Autore principale: Arslanov, V.
Natura: Capitolo di libro
Lingua:russo
Soggetti:
Tags: Aggiungi Tag
Nessun Tag, puoi essere il primo ad aggiungerne!!

MARC

LEADER 00000naa a2200000 4500
001 r003565
005 20221130102905.8
041 0 |a rus 
044 |a [SU] 
245 1 0 |a Lager'nyj NEP i rynočnyje programmy.  |c V. Arslanov 
520 |a Ako sa v ZSSR bývalí čierni obchodníci, podvodníci a stranícka mafia stávajú nositeľmi súkromnovlastníckych vzťahov, majiteľmi nových podnikov, ako je ľud vytláčaný z verejnej správy, z vlády a ako je marxistická ideológia nahradzovaná náboženskou ideológiou, antikomunizmom, šovinizmom a pod. Rozbitie jednoty ľudu, vznik nebezpečia novej diktatúry. 
610 2 0 |a hospodárstvo trhové 
610 2 0 |a vlastníctvo súkromné 
610 2 0 |a ZSSR 
610 2 0 |a ekonomika tieňová 
100 1 |a Arslanov, V.